Najpopularniejsze serie wyścigowe świata - Statystyki

Ogólne statystyki
  • Ten quiz został rozwiązany 24 razy
  • Średni wynik to 9 z 15
Statystyki odpowiedzi
Podpowiedź Nazwa serii % Poprawnych
Tzw. królowa motorsportu F1
100%
Najsłynniejsza seria wyścigów amerykańskich na owalnych torach NASCAR
92%
Najsłynniejsze rajdy wyścigowe rally , liczy się w nich jak szybko kierowca przejedzie dany odcinek WRC
83%
Podobne do królowej motorsportu jednak tylko z silnikami elektrycznymi Formuła E
79%
Kontynentalna wersja powyższego European Le Mans Series
71%
Długi rajd dla aut osobowych , terenowych , quadów i motorów , nazwa pochodzi od miasta na końcu dawnego odcinka trasy Dakar
67%
Amerykańska seria Open wheel , znana z wyścigu Indianapolis 500 IndyCar / IRL
67%
Najważniejsza seria wyścigów motorowych Moto GP
67%
Długie wyścigi na torze w różnych klasach aut z 3 kierowcami w każdym zespole . Aktualnie Kubica tam jeździ WEC
63%
Aktualnie największe zawody tylko w klasach GT Blancpain World GT Challange
46%
Dawna europejska seria słynna z niemieckich ulepszonych klasyków wyścigowych DTM
46%
Amerykańska wersja powyższego z autami klas np. GT Daytona IMSA
46%
Japońska seria wyścigów GT Super GT
46%
Rajdy z wjazdem drogami na wysokie góry z niskim ciśnieniem powietrza Pikes Peak
25%
Ulepszone małe auta osobowe tak jak w powyższym tylko na specjalnym torze do tzw. rallycrossu WRX
21%
Nie znaleziono quizów pasujących do podanych kryteriów
Rozkład punktacji
Procent ludzi z każdym wynikiem
Percentyl według liczby udzielonych odpowiedzi
Twoja historia wyników
Nie rozwiązałeś tego quizu